| 000 | 00731nam a2200217Ia 4500 | ||
|---|---|---|---|
| 005 | 20241129105753.0 | ||
| 008 | 241129s9999||||xx |||||||||||||| ||und|| | ||
| 020 | _a978-81-309-0927-1 | ||
| 037 | _aTB | ||
| 040 |
_aARTS _bhin _cARTS |
||
| 041 |
_ahin _2hin |
||
| 084 |
_aW:5 152Q8 _qARTS |
||
| 100 | _aबिसवाल, तपन, ले. | ||
| 245 | 0 |
_aमानवाधिकार जेन्डर एवम् पर्यावरण _cबिसवाल, तपन, ले. |
|
| 260 |
_aनई दिल्ली, भारत _bविवा बुक्स _c2008 |
||
| 300 | _a430पृ0 | ||
| 365 |
_aINR _b395 |
||
| 650 | _aPolitical Science | ||
| 942 |
_cTB _hW:5 152Q8 |
||
| 999 |
_c1225858 _d1225858 |
||